Normal view
MARC view
- Motorola 6800 (Microprocessor)
Entry Topical Term
001 - CONTROL NUMBER
- control field: 94570
003 - CONTROL NUMBER IDENTIFIER
- control field: NUST
005 - DATE AND TIME OF LATEST TRANSACTION
- control field: 20220722123408.0
008 - FIXED-LENGTH DATA ELEMENTS
- fixed length control field: 220722|| aca||aabn | a|a d
040 ## - CATALOGING SOURCE
- Original cataloging agency: NUST
- Transcribing agency: NUST
150 ## - HEADING--TOPICAL TERM
- Topical term or geographic name entry element: Motorola 6800 (Microprocessor)
670 ## - SOURCE DATA FOUND
- Source citation: Work cat.: (NUST)176119: Microprocessors Applications manual / , c1975.
